000 00439nam a22001697a 4500
003 OSt
008 230302b |||||||| |||| 00| 0 eng d
020 _a9788183601719
041 _aeng
082 _a664.024
_bGAR/PR
100 _aGarg, M.K
100 _aChandra, Pitam
_91994
245 _aProcessing and food engineering (Objective questions and answers)
260 _aNew Delhi
_bJain Brothers
_c2017
300 _a566p
942 _cBBS
999 _c14786
_d14786